| 000 | 00580nam a22001577a 4500 | ||
|---|---|---|---|
| 003 | NUST | ||
| 038 | _aNusrat Nadeem | ||
| 082 | _a200 | ||
| 100 |
_aAkbar, Saddam Sultan _9132651 |
||
| 245 |
_aExploration of heat transfer problems involving Newtonian and non-Newtonian flows over isothermal and non-isothermal boundaries/ _c Saddam Sultan Akbar, |
||
| 264 |
_aIslamabad: _bNBS NUST. _c2025. |
||
| 650 |
_aPhD-Mathematics _9123169 |
||
| 700 |
_aSupervisor: Prof. Meraj Mustafa Hashmi _9132652 |
||
| 856 | _u http://10.250.8.41:8080/xmlui/handle/123456789/55447 | ||
| 942 |
_2ddc _cSC |
||
| 999 |
_c615741 _d615741 |
||